|
|
|
|
| LEADER |
00931cam a2200241 7i4500 |
| 001 |
0000066737 |
| 005 |
20220304090000.0 |
| 020 |
|
|
|a 9789086863198
|
| 020 |
|
|
|a 9789086868674 (electronic book)
|
| 090 |
0 |
0 |
|a QL85
|b .W55 2018
|
| 100 |
1 |
|
|a Whittemore, Colin
|
| 245 |
1 |
0 |
|a Animal farming :
|b the story behind the livestock industry
|c Colin Whittemore.
|
| 264 |
|
|
|a Wageningen:
|b Wageningen Academic Publishers,
|c 2018.
|
| 300 |
|
|
|a 1 online resource ( 131 pages):
|b illustrations, text file, PDF.
|
| 336 |
|
|
|a text
|2 rdacontent
|
| 337 |
|
|
|a computer
|2 rdamedia
|
| 338 |
|
|
|a online resource
|2 rdacarrier
|
| 650 |
0 |
0 |
|a Animal culture --
|z Europe
|
| 650 |
0 |
0 |
|a Animal culture --
|z Great Britain
|
| 655 |
0 |
0 |
|a Electronic books
|
| 856 |
4 |
2 |
|u http://library.unisel.edu.my/web/guest/mylibrary
|
| 997 |
|
|
|a Engineering & Life Sciences, Faculty
|b Science & Biotechnology, Department
|
| 999 |
|
|
|a EBO0011360
|b EBOOK
|c EBOOK
|e Electronic resources
|